[Event "ECU-ch U18"]
[Site "Riobamba"]
[Date "2023.04.13"]
[Round "3"]
[White "Gutierrez Pilco, Ulises Shande"]
[Black "Novillo Rodriguez, Isaac"]
[Result "0-1"]
[WhiteElo "1038"]
[BlackElo "1241"]
[PlyCount "39"]
[EventDate "2023.04.12"]
[EventType "swiss"]
[EventRounds "9"]
[EventCountry "ECU"]
[SourceTitle "EXT 2024"]
[Source "ChessBase"]
[SourceDate "2023.10.10"]
[SourceVersion "1"]
[SourceVersionDate "2023.10.10"]
[SourceQuality "1"]

1. d4 Nf6 2. c4 e6 3. Nf3 d5 4. Bg5 Be7 5. Nc3 b6 6. e3 0-0 7. Bxf6 Bxf6 8. cxd5 exd5 9. Bd3 c5 10. Bc2 Ba6 11. Ne2 Nc6 12. 0-0 cxd4 13. Nfxd4 Bxd4 14. exd4 Bxe2 15. Qxe2 Nxd4 16. Bxh7+ Kxh7 17. Qd3+ Kg8 18. Qxd4 Qg5 19. Rfd1 Rfe8 20. Qxd5 0-1